Biện pháp quản lý công tác bồi dưỡng giáo viên các trường mầm non thành phố Đà Nẵng đáp ứng chuẩn nghề nghiệp

Cơ sở lý luận về quản lý công tác bồi dưỡng giáo viên mầm non; Thực trạng quản lý công tác bồi dưỡng giáo viên các trường mầm non thành phố Đà Nẵng; Biện pháp quản lý công tác bồi dưỡng giáo viên các trường mầm non thành phố Đà Nẵng đáp ứng chuẩn nghề nghiệp......

Popoln opis

Shranjeno v:
Bibliografske podrobnosti
Glavni avtor: Lê Thị Diệu Thủy
Drugi avtorji: Lê Quang Sơn PGS.TS (Hướng dẫn)
Format: Knjiga
Izdano: Đà Nẵng Đại học Đà Nẵng 2012
Teme:
Oznake: Označite
Brez oznak, prvi označite!
Thư viện lưu trữ: Mạng thư viện Đại học Đà Nẵng
LEADER 01874nam a2200325 4500
001 000017826
003 14252
005 20130830080836.0
008 130611s2012 sd
082 |a 372.1201  |b LÊ-T 
100 |a Lê Thị Diệu Thủy 
245 |a Biện pháp quản lý công tác bồi dưỡng giáo viên các trường mầm non thành phố Đà Nẵng đáp ứng chuẩn nghề nghiệp  |c Lê Thị Diệu Thủy ; Lê Quang Sơn hướng dẫn.  |k Luận văn Thạc sĩ 
260 |a Đà Nẵng  |b Đại học Đà Nẵng  |c 2012 
300 |a 121 tr., phụ lục 10 tr.  |c 29 cm.  |e CD + tóm tắt 
500 |a Luận văn thạc sĩ Giáo dục học. Chuyên ngành: Quản lý giáo dục. Mã số: 60.14.05. 
520 |a Cơ sở lý luận về quản lý công tác bồi dưỡng giáo viên mầm non; Thực trạng quản lý công tác bồi dưỡng giáo viên các trường mầm non thành phố Đà Nẵng; Biện pháp quản lý công tác bồi dưỡng giáo viên các trường mầm non thành phố Đà Nẵng đáp ứng chuẩn nghề nghiệp... 
650 0 4 |a Giáo dục mầm non  |v Luận văn tốt nghiệp  |x Quản lý  |z Đà Nẵng 
650 0 4 |a Giáo viên  |v Luận văn tốt nghiệp  |x Đào tạo 
653 |a Giáo dục mầm non  |a Quản lý giáo dục  |a Giáo viên 
700 |a Lê Quang Sơn  |c PGS.TS  |e Hướng dẫn 
OWN |a LSP 
AVA |a UDN50  |b LSP  |d 372.1201 LÊ-T  |e available  |t Error 5001 Not defined in file expand_doc_bib_avail.  |f 1  |g 0  |h N  |i 0  |k 1 
999 |a From the UDN01 
AVA |a UDN50  |b LSP  |d 372.1201 LÊ-T  |e available  |t Error 5001 Not defined in file expand_doc_bib_avail.  |f 1  |g 0  |h N  |i 0  |k 1 
TYP |a Monograph 
TYP |a Printed language 
980 |a Mạng thư viện Đại học Đà Nẵng